Statistics for Hardest Logic Quiz Ever

Click here to take the quiz!

General Stats

  • This quiz has been taken 32 times
  • The average score is 10 of 20

Answer Stats

QuestionAnswer% Correct
Statement 1 is false.True
74%
The answer to this statement is the same as the answer to statement 11.True
67%
The answers to statements 6 & 7 are the same.False
63%
At least half the statements in this puzzle are false.False
59%
At least half the statements in this puzzle are true.True
59%
Mrs. Jewls is allergic to strawberries.True
59%
Statement 15 is true.False
52%
Statement 7 is true.False
52%
Statement 2 is true.True
52%
The answers to statements 4 & 20 are different.True
52%
Statement 16 is true.True
48%
The answers to statements 3 & 4 are different.True
48%
Statement 12 is true.True
44%
The answer to this statement is different from the answer to statement 19.True
44%
Mrs. Jewls's first name is Shirley.False
41%
The answers to statements 11 & 9 are the same.False
37%
Statement 13 is false.False
37%
The answers to statements 9 & 4 are the same.True
37%
Statement 10 is true.False
33%
The answers to statements 3 & 20 are different.False
19%

Score Distribution

Percentile by Number Answered

Percent of People with Each Score

Your Score History

You have not taken this quiz